Ananthanarayan and Paniker's textbook of Microbiology (Record no. 9598)

MARC details
000 -LEADER
fixed length control field 00326nam a22001097a 4500
008 - FIXED-LENGTH DATA ELEMENTS--GENERAL INFORMATION
fixed length control field 230522b |||||||| |||| 00| 0 eng d
082 ## - DEWEY DECIMAL CLASSIFICATION NUMBER
Classification number 579.23
100 ## - MAIN ENTRY--PERSONAL NAME
Personal name Beena Philomina, Anitha PM, Shabina MB, Sarada Devi KL
245 ## - TITLE STATEMENT
Title Ananthanarayan and Paniker's textbook of Microbiology
Remainder of title MCQs
300 ## - PHYSICAL DESCRIPTION
Extent 72 p.
Dimensions 21cm
942 ## - Added entry Elements (Koha)
Source of classification or shelving scheme Dewey Decimal Classification
Holdings
Withdrawn status Lost status Source of classification or shelving scheme Damaged status Not for loan Collection code Home library Current library Shelving location Date acquired Serial Enumeration / chronology Total Checkouts Full call number Barcode Date last seen Price effective from Koha item type
    Dewey Decimal Classification     Main TEST RTC Library RTC Library Main opac 22/05/2023 14694   579.23 PHI 30014633 22/05/2023 22/05/2023 Main
Royal Thimphu College || All Right Reserved